Hacia el mejoramiento de la educación universitaria

Salvato in:
Dettagli Bibliografici
Autore principale: Rugarcía Torres, Armando (Autore)
Natura: Libro
Lingua:spagnolo
Pubblicazione: Ciudad de México Trillas 1999
Edizione:2a. ed
Soggetti:
Tags: Aggiungi Tag
Nessun Tag, puoi essere il primo ad aggiungerne!!

MARC

LEADER 00000nam a2200000 a 4500
001 UCK9319
003 CL-VaPUC
008 060428e19990000MX |||||||||||||||||spa|d
020 |a 968244862X 
082 0 4 |a 378.001  |b RUG  |2 21 
100 0 |a Rugarcía Torres, Armando  |e author  |9 499046 
245 1 0 |a Hacia el mejoramiento de la educación universitaria 
250 |a 2a. ed 
300 |a 288 p 
942 |c BK 
945 |d 20060428 00:00:00  |a cmena 
260 |a Ciudad de México  |b Trillas  |c 1999 
650 0 |a Educación superior   |9 223851 
650 0 |a Calidad de la educación   |9 307271 
650 0 |a Filosofía de la educación   |9 258384 
650 0 |a Planificación de la educación   |9 307333 
650 0 |a Formación profesional de profesores  |9 307493 
583 |a last modification  |c 20060428 00:00:00  |k Rodrigo Vera 
999 |c 316536  |d 316534 
952 |0 0  |1 0  |4 0  |6 378_001000000000000_RUG_1999  |7 0  |8 A  |9 390975  |a BIBEDU  |b BIBEDU  |d 2019-11-22  |i 4224833  |o 378.001 RUG 1999  |p 4224833  |r 2019-11-22  |w 2019-11-22  |y BK  |k EDU